O enviado (Registo nº 200905)

Detalhes MARC
000 -Etiqueta do registo
Valores 00667nam 22002173 4500
010 ## - Número ISBN
ISBN 972-21-0574-4
021 ## - Número do Depósito Legal
Número 43 327/91
100 ## - Dados gerais de processamento
Dados gerais 20231003d u||y0pory50 ba
200 ## - Titulo e menção de responsabilidade
Título próprio O enviado
Informação de outro título contos
Primeira menção de responsabilidade Maria Isabel Barreno
210 ## - Publicação
Local de publicação Lisboa
Nome do editor Editorial Caminho
Data de publicação 1991
215 ## - Descrição física 
Paginação / Volumes 113 p.
Outras indicações físicas brochado
Dimensões 22 cm
225 ## - Colecção 
Título próprio da colecção o campo da palavra
327 ## - Nota de conteúdo
Texto da nota . - Oferta com dedicatória da escritora ao Prof. Dr. Almeida Faria
606 ## - Nome comum usado como assunto
Palavra de ordem Literatura Portuguesa
ID Autoridade 6
675 ## - CDU
Notação 821.134.3-3
Edição PT
Língua por
700 ## - Autor principal (pessoa individual)
ID Autoridade 3371
Apelido Barreno
Nome Maria Isabel
Datas 1939-2016
801 ## - Fonte de origem
País PT
Agência BMMN
Regras de catalogação RPC
830 ## - Notas gerais do catalogador
Criado por Ana Falardo
Indexado por Ana Falardo
990 ## - Elementos KOHA
Tipo de documento Livro
Exemplares
Situação do levantamento Biblioteca de origem Código de barras Cota Permissão de empréstimo Tipo de documento Nota relativa ao exemplar Forma de aquisição
  Biblioteca Municipal de Montemor-o-Novo 30163 821.134.3-3 BAR|SAF   Livro Acesso condicionado Oferta

Powered by Koha